[Event "Wiesbaden op 24th"]
[Site "Wiesbaden"]
[Date "2012.08.25"]
[Round "5"]
[White "Tufa, Mihai"]
[Black "Ruppert, Wolfgang"]
[Result "0-1"]
[WhiteElo "1998"]
[BlackElo "2124"]
[PlyCount "86"]
[EventDate "2012.08.23"]
[EventType "swiss"]
[EventRounds "7"]
[EventCountry "GER"]
[SourceTitle "CBM 150 Extra"]
[Source "ChessBase"]
[SourceDate "2012.10.19"]
[SourceVersion "1"]
[SourceVersionDate "2012.10.19"]
[SourceQuality "1"]

1. e4 e6 2. d4 d5 3. Nd2 Nf6 4. e5 Nfd7 5. f4 c5 6. c3 Nc6 7. Ndf3 Qb6 8. Ne2 cxd4 9. cxd4 Bb4+ 10. Bd2 Bxd2+ 11. Qxd2 0-0 12. Nc3 f6 13. Bd3 fxe5 14. fxe5 Rxf3 15. gxf3 Nxd4 16. 0-0-0 Nxe5 17. f4 Nxd3+ 18. Qxd3 Nf5 19. Rhe1 Qc6 20. Kb1 Bd7 21. Ne2 Qd6 22. Nd4 Rf8 23. Rf1 a6 24. Nxf5 Rxf5 25. Qd4 Be8 26. Rc1 Bg6 27. Ka1 h6 28. a3 Kh7 29. Rf2 Rf7 30. Ka2 Be4 31. Qe3 Bf5 32. Qd4 Be4 33. Qe3 Rc7 34. Rxc7 Qxc7 35. Qc3 Qb6 36. Rd2 Qg1 37. Qd4 Qc1 38. Qc3 Qf1 39. Qd4 Qxf4 40. Kb3 e5 41. Qf2 Bf3 42. Kc2 Qc4+ 43. Kb1 Be4+ 0-1

[Event "ROM-chT Div-A"]
[Site "Slanic Moldova"]
[Date "2011.10.06"]
[Round "6"]
[White "Olarasu, Gabriela"]
[Black "Tufa, Mihai"]
[Result "1-0"]
[WhiteElo "2287"]
[BlackElo "2017"]
[PlyCount "103"]
[EventDate "2011.10.03"]
[EventType "team-tourn"]
[EventRounds "9"]
[EventCountry "ROU"]
[SourceTitle "CBM 144 Extra"]
[Source "ChessBase"]
[SourceDate "2011.10.28"]
[SourceVersion "1"]
[SourceVersionDate "2011.10.28"]
[SourceQuality "1"]

1. Nf3 c5 2. c4 Nc6 3. Nc3 Nf6 4. g3 d5 5. cxd5 Nxd5 6. Bg2 Nc7 7. 0-0 e5 8. d3 Be7 9. Be3 Rb8 10. Nd2 Nd4 11. Nc4 f6 12. f4 exf4 13. Bxf4 b5 14. Na5 b4 15. Nc6 Nxc6 16. Bxc6+ Bd7 17. Nd5 Nxd5 18. Bxd5 Rb6 19. Qb3 Qc8 20. Rfc1 Be6 21. e4 0-0 22. Be3 Rd8 23. d4 Bxd5 24. exd5 c4 25. Rxc4 Qd7 26. d6 Qxd6 27. Rxb4+ Kf8 28. Rxb6 Qxb6 29. Qxb6 axb6 30. Rc1 b5 31. a3 g5 32. g4 Kf7 33. Rc6 Rb8 34. Kf2 Ke8 35. Kf3 Kd7 36. Ra6 b4 37. Ra7+ Ke6 38. d5+ Kd6 39. axb4 Rxb4 40. Rxe7 Rxb2 41. Re6+ Kxd5 42. Rxf6 Rxh2 43. Rf5+ Ke6 44. Rxg5 Rh3+ 45. Kf4 Rh1 46. Rg7 h5 47. g5 Rh4+ 48. Kf3 Ra4 49. Rh7 h4 50. Bf4 Kf5 51. Rf7+ Kg6 52. Rf6+ 1-0

[Event "ROM-chT Div-A"]
[Site "Slanic Moldova"]
[Date "2011.10.05"]
[Round "4"]
[White "Dragomirescu, Calin"]
[Black "Tufa, Mihai"]
[Result "1/2-1/2"]
[WhiteElo "2213"]
[BlackElo "2017"]
[PlyCount "116"]
[EventDate "2011.10.03"]
[EventType "team-tourn"]
[EventRounds "9"]
[EventCountry "ROU"]
[SourceTitle "CBM 144 Extra"]
[Source "ChessBase"]
[SourceDate "2011.10.28"]
[SourceVersion "1"]
[SourceVersionDate "2011.10.28"]
[SourceQuality "1"]

1. d4 Nf6 2. c4 e6 3. g3 Bb4+ 4. Bd2 Qe7 5. Bg2 0-0 6. Nc3 d5 7. cxd5 Bxc3 8. bxc3 exd5 9. Qb3 c6 10. Nf3 Re8 11. e3 Bf5 12. c4 dxc4 13. Qxc4 Be4 14. 0-0 Nbd7 15. Bb4 Qe6 16. Qxe6 fxe6 17. Bd6 Nb6 18. Rfc1 Rad8 19. Bc7 Rd5 20. Nd2 Bxg2 21. Kxg2 Rc8 22. Bxb6 axb6 23. Nc4 Nd7 24. a4 Ra8 25. Rcb1 b5 26. axb5 Rxa1 27. Rxa1 cxb5 28. Na5 b4 29. Nxb7 b3 30. Rb1 Rb5 31. Nc5 Nxc5 32. dxc5 Kf7 33. Kf3 Kf6 34. Ke4 Rxc5 35. Rxb3 Rc2 36. Kf3 h5 37. h4 Ra2 38. Rb4 g6 39. Rf4+ Ke7 40. g4 e5 41. Re4 hxg4+ 42. Rxg4 Kf6 43. Rb4 Rc2 44. Rb6+ Kf7 45. Kg3 Re2 46. Ra6 Rb2 47. Ra4 Re2 48. Ra8 Ke7 49. Kf3 Rb2 50. Rh8 Kf7 51. Ke4 Rxf2 52. Kxe5 Rf5+ 53. Kd6 Rf6+ 54. Kd7 Ra6 55. e4 Ra4 56. e5 Rd4+ 57. Kc6 Ke6 58. Re8+ Kf7 1/2-1/2